书目信息 |
| 题名: |
彩绘全注全译全解四书
|
|
| 作者: | 孔丘 著 ;思履 主编 | |
| 分册: | ||
| 出版信息: | 北京 北京联合出版公司 2014 |
|
| 页数: | 426页 | |
| 开本: | 25cm | |
| 丛书名: | ||
| 单 册: | ||
| 中图分类: | B222.14 | |
| 科图分类: | ||
| 主题词: | 四书--译文 , 儒家 | |
| 电子资源: | ||
| ISBN: | 978-7-5502-3731-5 | |
| 000 | 00903nam0 2200265 450 | |
| 001 | 338093 | |
| 005 | 20150601162034.89 | |
| 010 | @a978-7-5502-3731-5@b精装@dCNY75.00 | |
| 100 | @a20141217d2014 em y0chiy50 ea | |
| 101 | 0 | @achi |
| 102 | @aCN@b110000 | |
| 105 | @aa z 000yy | |
| 106 | @ar | |
| 200 | 1 | @a彩绘全注全译全解四书@Acai hui quan zhu quan yi quan jie si shu@f(春秋) 孔子等著@g思履主编 |
| 210 | @a北京@c北京联合出版公司@d2014 | |
| 215 | @a426页@d25cm | |
| 300 | @a国学典藏馆 超值全彩珍藏版 | |
| 330 | @a本书是儒家学派的经书, 记载了中华民族思想文化发展史上最活跃时期的政治、军事、外交、文化等各方面的史实资料, 以及影响中国文化几千年的重要哲学思想。 | |
| 606 | 0 | @a四书@x译文 |
| 606 | 0 | @a儒家 |
| 690 | @aB222.14@v5 | |
| 701 | 0 | @c(春秋)@a孔丘@Akong qiu@f(前551或前552 前479)@4著 |
| 702 | 0 | @a思履@Asi lü@4主编 |
| 801 | 0 | @aCN@b卓展宏图@c20150525 |
| 905 | @dB222.14@e474@f3 | |
| 彩绘全注全译全解四书/(春秋) 孔子等著/思履主编.-北京:北京联合出版公司,2014 |
| 426页;25cm |
| 国学典藏馆 超值全彩珍藏版 |
| ISBN 978-7-5502-3731-5(精装):CNY75.00 |
| 本书是儒家学派的经书, 记载了中华民族思想文化发展史上最活跃时期的政治、军事、外交、文化等各方面的史实资料, 以及影响中国文化几千年的重要哲学思想。 |
| ● |
| 相关链接 |
|
|
|
|
正题名:彩绘全注全译全解四书
索取号:B222.14/474
 
预约/预借
| 序号 | 登录号 | 条形码 | 馆藏地/架位号 | 状态 | 备注 |
| 1 | 857335 | 208573355 | 第一样本阅览室/ [索取号:B222.14/474] | 在馆 | |
| 2 | 857336 | 208573364 | 第一借阅区/ [索取号:B222.14/474] | 在馆 | |
| 3 | 857337 | 208573373 | 第一借阅区/ [索取号:B222.14/474] | 在馆 |